| 000 | 00962nam a2200217 i 4500 | ||
|---|---|---|---|
| 001 | 152095 | ||
| 003 | ES-MaACL | ||
| 005 | 20250928124807.0 | ||
| 008 | 050914s1869 gw | |||||||| ||eng d | ||
| 040 |
_aCAM _bspa _cCAM |
||
| 130 | 0 |
_aBiblia. _nN.T. _lInglés. _9160327 |
|
| 245 | 1 | 4 |
_aThe New Testament _b: the authorised english version / _cwith introduction and various readings from the three most celebrated manuscripts of the original greek text by Constantine Tischendorf. |
| 260 |
_aLeipzig : _bBernhard Tauchnitz, _c1869. |
||
| 300 |
_aXVI, 414 p., [1] h. de lám. ; _c16 cm. |
||
| 490 | 1 |
_aCollection of british authors ; _v1000 |
|
| 599 | _aLa h. de lám. reprod. de un fragmento del Códex Sinaiticus, Codex Vaticanus y Codex Alexandrinus. | ||
| 700 | 1 |
_aTischendorf, Constantin von, _d1815-1874 _9133267 |
|
| 830 | 0 |
_aCollection of british authors ; _v1000 _9180703 |
|
| 852 |
_aES-MaACL _jG-13130 _z-- Enc. hol. |
||
| 999 |
_c152095 _d152095 |
||